| 000 | 00784nam a2200265Ia 4500 | ||
|---|---|---|---|
| 008 | 160319s9999 xx 000 0 und d | ||
| 020 | _a9712721342 (pbk.) | ||
| 050 | _a303.6 | ||
| 050 | _bO15o 2009 | ||
| 100 | _aOcampo, Ambeth R. | ||
| 245 | _a101 stories on the Philippine revolution / | ||
| 245 | _cy Ambeth R. Ocampo. | ||
| 260 | _aPasig City : | ||
| 260 | _bAnvil Pub. Inc | ||
| 260 | _c2009 | ||
| 300 | _axviii, 312 pages : | ||
| 300 | _billustrations ; | ||
| 300 | _c23 cm. | ||
| 650 | _aPhilippines -- | ||
| 650 | _aPhilippines -- Civilization. | ||
| 650 | _aPhilippines -- Politics and government. | ||
| 650 | _aRevolutionaries -- Philippines. | ||
| 650 | _aRevolutionary literature, Philippine (English) | ||
| 650 | _xHistory -- Revolution 1898- | ||
| 999 |
_c292105 _d292105 |
||